| 000 | 01953cam a22003494a 4500 | ||
|---|---|---|---|
| 001 | 11875309 | ||
| 005 | 20060816140019.0 | ||
| 008 | 991222s2009 flua |rb 001 0 eng | ||
| 010 | _a 99086186 | ||
| 020 | _a9781420080735 (alk. paper) | ||
| 040 |
_aDLC _cDLC _dDLC |
||
| 042 | _apcc | ||
| 050 | 0 | 0 |
_aQA76.76.T48 _bL495 2000 |
| 082 | 0 | 0 |
_a005.14 _222 _bLEW |
| 100 | 1 |
_aLewis, William E. _911320 |
|
| 245 | 1 | 0 |
_aSoftware Testing and Continuous Quality Improvement / _cWilliam E. Lewis; Technical contributers David Dobbs, Gunasejaran Veerapillai |
| 250 | _a3rd ed. | ||
| 260 |
_aBoca Raton : _bCRC press; Taylor & francis group, 2009 _c2009 |
||
| 300 |
_axxxv, 655 p. : _bill. ; _c24 cm. |
||
| 504 | _aIncludes bibliographical references (p. 629-632) and index. | ||
| 650 | 0 |
_aComputer software _xTesting _xStandards. _911321 |
|
| 650 | 0 |
_aComputer software _xQuality control _xStandards. _911322 |
|
| 700 |
_911755 _aVeerapillai, Gunasekaran |
||
| 700 |
_911756 _aDobbs, David D. |
||
| 856 | 4 | 2 |
_3Publisher description _uhttp://www.loc.gov/catdir/enhancements/fy0665/99086186-d.html |
| 942 |
_2ddc _cBB |
||
| 999 |
_c13372 _d13372 |
||